Oeuvres complètes de Kalidasa / (Record no. 156536)
[ view plain ]
| 000 -LEADER | |
|---|---|
| campo de control de longitud fija | 00597nam a22001695i 4500 |
| 001 - NÚMERO DE CONTROL | |
| campo de control | 156536 |
| 003 - IDENTIFICADOR DE NÚMERO DE CONTROL | |
| campo de control | ES-MaACL |
| 005 - FECHA Y HORA DE LA ÚLTIMA TRANSACCIÓN | |
| campo de control | 20230906210432.0 |
| 008 - DATOS DE LONGITUD FIJA--INFORMACIÓN GENERAL | |
| campo de control de longitud fija | 040802s1859 fr |||| | fre d |
| 040 ## - FUENTE DE CATALOGACIÓN | |
| Centro catalogador/agencia de origen | CAM |
| Lengua de catalogación | spa |
| Centro/agencia transcriptor | CAM |
| 100 0# - ENTRADA PRINCIPAL--NOMBRE DE PERSONA | |
| Nombre de persona | Kalidasa. |
| 9 (RLIN) | 67445 |
| 245 10 - MENCIÓN DEL TÍTULO | |
| Título | Oeuvres complètes de Kalidasa / |
| Mención de responsabilidad, etc. | traduites du sanscrit en français pour la première fois par Hippolyte Fauche. |
| 260 ## - PUBLICACIÓN, DISTRIBUCIÓN, ETC. | |
| Lugar de publicación, distribución, etc. | Paris : |
| Nombre del editor, distribuidor, etc. | Librairie de A. Durand, |
| Fecha de publicación, distribución, etc. | 1859 ( |
| Lugar de fabricación/manufactura | Meaux : |
| Fabricante | Impriemerie A. Carro) |
| 300 ## - DESCRIPCIÓN FÍSICA | |
| Extensión | IV, 482 p. ; |
| Dimensiones | 23 cm. |
| 700 1# - ENTRADA AGREGADA--NOMBRE PERSONAL | |
| Nombre de persona | Fauche, Hippolyte. |
| 9 (RLIN) | 127014 |
| 852 ## - LOCALIZACIÓN | |
| Ubicación | ES-MaACL |
| Número de control de estantería | G-11905 |
| Nota libre | -- Enc. hol. |
| Estatus retirado | Estado de pérdida | Estado de daño | No para préstamo | Colección | Biblioteca de origen | Biblioteca actual | Ubicación en estantería | Fecha de adquisición | Fuente de adquisición | Total de préstamos | Signatura topográfica completa | Código de barras | Visto por última vez | Precio de reemplazo | Tipo de ítem Koha |
|---|---|---|---|---|---|---|---|---|---|---|---|---|---|---|---|
| Libros del s. XIX | Biblioteca del Ateneo de Madrid | Biblioteca del Ateneo de Madrid | Sala Pecera Planta 3 | 17/01/2008 | G-11905 | 1163772 | 23/02/2023 | 23/02/2023 | Libro impreso antiguo |
